La revolución mexicana: el conflicto religioso, 1913-1938

Guardat en:
Dades bibliogràfiques
Autor principal: Guevara, Gustavo (Autor)
Format: Llibre
Idioma:espanyol
Publicat: Buenos Aires Manuel Suárez 2005
Edició:1a. ed
Col·lecció:Documentos y Testimonios, 2
Matèries:
Etiquetes: Afegir etiqueta
Sense etiquetes, Sigues el primer a etiquetar aquest registre!

MARC

LEADER 00000nam a2200000 a 4500
001 UCJ9663
003 CL-VaPUC
008 070330e20050000AG |||||||||||||||||spa|d
020 |a 9872052883 
082 0 4 |a 972.0816  |b GUE  |2 21 
100 |a Guevara, Gustavo  |e author  |9 519655 
245 1 3 |a La revolución mexicana: el conflicto religioso, 1913-1938 
250 |a 1a. ed 
300 |a 252 p 
942 |c BK 
945 |d 20070330 00:00:00  |a cmena 
260 |a Buenos Aires  |b Manuel Suárez  |c 2005 
650 0 |a Historia de México  |9 321806 
650 0 |a Revolución mexicana   |9 369585 
650 0 |a Estado y religión   |9 393270 
650 0 |a Documentos pontificios   |9 255642 
650 7 |a CONFLICTOS RELIGIOSOS  |2 CL-VaPUC  |9 434739 
651 0 |a México  |9 255269 
583 |a last modification  |c 20070330 00:00:00  |k Rodrigo Vera 
490 0 |a Documentos y Testimonios, 2 
999 |c 325083  |d 325081 
952 |0 0  |1 0  |4 0  |6 972_081600000000000_GUE_2005  |7 0  |8 A  |9 405653  |a BIBHIS  |b BIBHIS  |d 2019-11-22  |i 4326679  |o 972.0816 GUE 2005  |p 4326679  |r 2025-01-20  |w 2019-11-22  |y BK  |k HIS